| 000 | 00929nam a22002297a 4500 | ||
|---|---|---|---|
| 003 | URS | ||
| 005 | 20220711093959.0 | ||
| 008 | 220711b ||||| |||| 00| 0 eng d | ||
| 100 |
_91988 _aGubat, Jeremy DC. _eauthor |
||
| 245 |
_aMotivational strategies applied by Continental Milling Corporation in Pasig, City calendar year 2020 _cJeremy DC. Gubat, Katelyn D. Tangonan, Marifer B. Villadiego |
||
| 260 | _c2021 | ||
| 300 |
_axi, 54 leaves _c28 cm |
||
| 336 |
_2rdacontent _atext |
||
| 337 |
_2rdamedia _aunmediated |
||
| 338 |
_2rdacarrier _avolume |
||
| 502 |
_aThesis _bBachelor of Science in Business Administration Major in Human Resource Management _cUniversity of Rizal System, Binangonan _d2021 |
||
| 504 | _aIncludes bibliographical references | ||
| 700 |
_91989 _aTangonan, Katelyn D. _eauthor |
||
| 700 |
_91990 _aVilladiego, Marifer B. _eauthor |
||
| 700 |
_91679 _aAlbert Q. Clemente, MM _eadviser |
||
| 942 |
_2lcc _cT |
||
| 999 |
_c58335 _d58335 |
||